000 01039nam a2200277Ii 4500
008 211104s9999 xx 000 0 und d
022 _a2611-2752
041 _aeng
245 0 _aUSAbroad:
264 _aItaly:
_bUniversity of Bologna
264 _bUniversity of Bologna - Dipartimento di Scienze Politiche e Sociali
336 _2rdacontent
_atext
_btxt
337 _2rdamedia
_acomputer
_bc
338 _2rdacarrier
_aonline resource
_bcr
540 _fCC BY
_uhttp://usabroad.unibo.it/about/submissions#copyrightNotice
540 _uhttp://usabroad.unibo.it/about/editorialPolicies#openAccessPolicy
540 _uhttp://usabroad.unibo.it/about/submissions#copyrightNotice
540 _uhttp://usabroad.unibo.it/article/view/4666
653 _a American political development
653 _a American studies
653 _aAmerican history
710 2 _aThe Directory of Open Access Journals
856 _uhttp://usabroad.unibo.it/
856 _uhttps://doaj.org/toc/1cda574e425f4265b3ab910579f245f5
942 _cE-JOURNAL
999 _c40451
_d40451